书目信息 |
| 题名: |
帝国边缘
|
|
| 作者: | 亚桑诺夫 著 ;朱邦芊 译 | |
| 分册: | II | |
| 出版信息: | 北京 社会科学文献出版社 2019 |
|
| 页数: | 357-664页 | |
| 开本: | 21cm | |
| 丛书名: | ||
| 单 册: | ||
| 中图分类: | K561.43 , K561.4 | |
| 科图分类: | ||
| 主题词: | 历史--英国--1750-1850 | |
| 电子资源: | ||
| ISBN: | 978-7-5201-4455-1 | |
| 000 | 01543nam0 2200301 450 | |
| 001 | 2251577861 | |
| 005 | 20221001142024.21 | |
| 010 | @a978-7-5201-4455-1@dCNY48.00, CNY96.00 (全2册) | |
| 100 | @a20190718d2019 em y0chiy50 ea | |
| 101 | 1 | @achi@ceng |
| 102 | @aCN@b110000 | |
| 105 | @aa z 001yy | |
| 200 | 1 | @a帝国边缘@9di guo bian yuan@e英国在东方的征服与收藏(1750-1850年)@dEdge empire@econquest and collecting in the East 1750-1850@hII@f(美)马娅·亚桑诺夫(Maya Jasanoff)著@g朱邦芊译@zeng |
| 210 | @a北京@c社会科学文献出版社@d2019 | |
| 215 | @a357-664页@c图@d21cm | |
| 300 | @a帝国往事三部曲 | |
| 314 | @a马娅·亚桑诺夫 (Maya Jasanoff),哈佛大学柯立芝历史学教授。著有《帝国边缘》、《被自由流放的人》等。 | |
| 314 | @a朱邦芊,专职译者。近年译作包括《不完美风暴》、《现代主义》、《最后的十字军东征》等。 | |
| 330 | @a《帝国边缘》叙述并研究了四个大陆,进入了一个人们生活、爱恨纠缠并彼此认同的世界,远比此前的叙述让我们相信的世界更加丰富复杂。正如本书所展示的那样,那个世界的痕迹如今依然触手可及,并是时下关注的热门话题。这是一部焕然一新、令人信服、极富争议的历史著作。 | |
| 510 | 1 | @aEdge empire@econquest and collecting in the East 1750-1850@zeng |
| 517 | 1 | @a英国在东方的征服与收藏(1750-1850年)@9ying guo zai dong fang de zheng fu yu shou cang(1750-1850 nian) |
| 606 | 0 | @a历史@y英国@z1750-1850 |
| 690 | @aK561.43@v5 | |
| 690 | @aK561.4@v4 | |
| 701 | 0 | @c(美)@a亚桑诺夫@9ya sang nuo fu@c(Jasanoff, Maya)@4著 |
| 702 | 0 | @a朱邦芊@9zhu bang qian@4译 |
| 801 | 0 | @aCN@b91MARC@c20190719 |
| 905 | @aZUCC@dK561.4@e2:2 | |
| 帝国边缘:英国在东方的征服与收藏(1750-1850年)=Edge empire:conquest and collecting in the East 1750-1850.II/(美)马娅·亚桑诺夫(Maya Jasanoff)著/朱邦芊译.-北京:社会科学文献出版社,2019 |
| 357-664页:图;21cm |
| 帝国往事三部曲 |
| ISBN 978-7-5201-4455-1:CNY48.00, CNY96.00 (全2册) |
| 《帝国边缘》叙述并研究了四个大陆,进入了一个人们生活、爱恨纠缠并彼此认同的世界,远比此前的叙述让我们相信的世界更加丰富复杂。正如本书所展示的那样,那个世界的痕迹如今依然触手可及,并是时下关注的热门话题。这是一部焕然一新、令人信服、极富争议的历史著作。 |
| ● |
| 相关链接 |
|
|
|
正题名:帝国边缘
索取号:K561.4/2:2
 
预约/预借
| 序号 | 登录号 | 条形码 | 馆藏地/架位号 | 状态 | 备注 |
| 1 | 2000910436 | 2000910436 | 第三书库/ [索取号:K561.4/2:2] | 在馆 | |
| 2 | 2000910437 | 2000910437 | 第三书库/ [索取号:K561.4/2:2] | 在馆 | |
| 3 | 2000910438 | 2000910438 | 第三书库/ [索取号:K561.4/2:2] | 在馆 |